| 000 | 00534nam a2200217Ia 4500 | ||
|---|---|---|---|
| 003 | OSt | ||
| 005 | 20220918203036.0 | ||
| 006 | a|||||r|||| 00| 0 | ||
| 007 | ta | ||
| 008 | 220917b |||||||| |||| 00| 0 eng d | ||
| 024 | _a105,644 | ||
| 037 | _cTextual | ||
| 040 |
_aARTS _cARTS _beng |
||
| 041 |
_2eng _aeng |
||
| 082 | _aV3:19:N3z7, G5 | ||
| 245 | 0 |
_aNext five years _b essay in political agreement |
|
| 260 | _c1935 | ||
| 650 | _aHISTORY | ||
| 942 |
_hV3:19:N3z7, G5 _cTEXL _2CC |
||
| 999 |
_c229003 _d229003 |
||